|
|
|
|
| LEADER |
00000nab a2200000 ar4500 |
| 001 |
vtls008427827 |
| 003 |
SK-MaSNL |
| 005 |
20260303070248.0 |
| 008 |
060202c2006 xo mr|p|||||||000 b|slo |
| 015 |
|
|
|a SNBRB2006/01
|2 snkbucl
|
| 038 |
|
|
|a SNKBUCL
|
| 040 |
|
|
|a SNKBUCL
|b slo
|c SNKBUCL
|e AACR2
|
| 041 |
0 |
|
|a slo
|
| 044 |
|
|
|a xo
|c SK
|
| 080 |
|
|
|a 657.63:006.032
|2 1997
|
| 080 |
|
|
|a 006.032
|2 1997
|
| 100 |
1 |
|
|a Kupkovič, Ivan
|4 aut
|9 1055985
|
| 245 |
1 |
0 |
|a Medzinárodné audítorské štandardy
|b ISA 315 - Poznanie účtovnej jednotky a jej prostredia a zhodnotenie rizík významných nesprávností. ISA 330 - Audítorské postupy ako reakcia na zhodnotené riziká
|c Ivan Kupkovič
|
| 300 |
|
|
|b Tab.
|
| 650 |
0 |
7 |
|a audit
|2 snkbucl
|9 2834
|
| 650 |
0 |
7 |
|a medzinárodné audítorské štandardy
|2 snkbucl
|9 640605
|
| 773 |
0 |
|
|t Účtovníctvo. Audítorstvo. Daňovníctvo v teórii a praxi
|g Roč. XIV, č. 1 (2006), s. 24-27
|x 1335-2024
|
| 852 |
|
|
|a SNK
|b KIS3GCP
|
| 999 |
|
|
|c 1754577
|d 1756507
|